Back to basics: science for 6-7 year olds / (Record no. 102802)
[ view plain ]
| 000 -LEADER | |
|---|---|
| fixed length control field | 00538nam a2200169 a 4500 |
| 005 - DATE AND TIME OF LATEST TRANSACTION | |
| control field | 20140412111242.0 |
| 008 - FIXED-LENGTH DATA ELEMENTS--GENERAL INFORMATION | |
| fixed length control field | 020511s19uu xx 00 eng d |
| 020 ## - INTERNATIONAL STANDARD BOOK NUMBER | |
| International Standard Book Number | 1-85758-374-4 |
| 050 ## - LIBRARY OF CONGRESS CALL NUMBER | |
| Classification number | TR(GS 372.3 |
| Item number | H176 1996 |
| 100 ## - MAIN ENTRY--PERSONAL NAME | |
| Personal name | Hall, Godfrey |
| 245 ## - TITLE STATEMENT | |
| Title | Back to basics: science for 6-7 year olds / |
| Statement of responsibility, etc | Godfrey Hall; illustrations by Barbara Linton. |
| 260 ## - PUBLICATION, DISTRIBUTION, ETC. (IMPRINT) | |
| Place of publication, distribution, etc | London : |
| Name of publisher, distributor, etc | Letts Educational, |
| Date of publication, distribution, etc | 1996. |
| 300 ## - PHYSICAL DESCRIPTION | |
| Extent | 32 p. ; ill. |
| 440 ## - SERIES STATEMENT/ADDED ENTRY--TITLE | |
| Title | Letts Science, Key Stage 1 |
| 650 ## - SUBJECT ADDED ENTRY--TOPICAL TERM | |
| Topical term or geographic name as entry element | Sciences |
| General subdivision | Juvenile literature |
| Withdrawn status | Lost status | Damaged status | Use restrictions | Home library | Current library | Shelving location | Date acquired | Source of acquisition | Cost, normal purchase price | Total Checkouts | Full call number | Barcode | Date last seen | Price effective from | Koha item type |
|---|---|---|---|---|---|---|---|---|---|---|---|---|---|---|---|
| Elizalde Library | Elizalde Library | Teachers Reference Section | 05/11/2002 | 175.00 | TR(GS 372.3 H176 1996 | E2774 | 04/12/2014 | 04/12/2014 | Books |